Responses for Show #1376 - Monday, September 3, 1990

First game of Season 7.

Contestants

[<< previous game]

Debra Winthrop, an environmental attorney from Stamford, Connecticut

Peter Bedrossian, an academic counselor from Poughkeepsie, New York

Michael Goldwitz, a computer operator from San Diego, California (whose 1-day cash winnings total $11,000)

[next game >>]

Jeopardy! Round responses

POLITICAL QUOTES
FOOD
CHILDREN'S LITERATURE
3-LETTER WORDS
PSYCH 101
LEFTOVERS
(Alex: And those LEFTOVERS are clues that were left over from last season.)
    $100 1
[NOTE: The period appeared at the end of the quotation in the clue as shown.]

Richard Nixon

Peter
    $100 13
Marco Polo

Peter
    $100 26
Laura Ingalls Wilder

Michael
    $100 12
(Michael: What is, um... Sorry.)

yak

MichaelDebra
    $100 9
introvert

Michael
    $100 6
(James) Smithson

Michael
    $200 2
Louis XVI

Michael
    $200 19
a Napoleon

Debra
    $200 27
Little Lord Fauntleroy

Peter
    $200 14
pug

Debra
    $200 18
inkblots

Michael
    $200 7
Easter Island

Peter
    $500 3
Martin Luther King (Jr.)

Michael
    $300 20
pizzas

Debra
    $300 28
[The end-of-round signal sounds.]

Ned

Debra
    $300 15
log

Peter
    $300 23
[Peter gave both listed responses.]

hypnotism (or hypnotic state)

Peter
    $300 8
Twister

Peter
    $400 4
this was their finest hour

Michael
    $400 21
squabs

Peter
    $400 16
low

Peter
    $400 24
a polygraph

Peter
    $400 10
Paloma Picasso

Michael
    $500 5
(Michael: Who is Lord Acton?)
(Peter: Who is Bacon?)

John Locke

MichaelPeter
Triple Stumper
    $500 22
(Debra: What are mushrooms?)

truffles

PeterDebra
    $500 17
caw

Michael
    $500 25
a placebo

Peter
    $500 11
Diana

Michael

Scores at the first commercial break (after clue 11):

Michael Peter Debra
$1,700 $100 $0

Scores at the end of the Jeopardy! Round:

Michael Peter Debra
$2,400 $3,200 $600

Double Jeopardy! Round responses

COLONIAL AMERICA
BOOKS & AUTHORS
BODIES OF WATER
NOTORIOUS
BIOLOGY
ACTORS OF THE PAST
    $200 25
a tomahawk

Peter
    $200 12
George Orwell

Peter
    $200 15
the Delaware

Debra
    $200 22
Goebbels

Peter
    $200 5
(Debra: What is the tail?--[*]? [*], sorry.)
(Alex: [*]. She corrected in time. There's a big difference between the tail and [*]. Debra, select.)
(Debra: I know!)

the tongue

Debra
    $200 17
Sarah Bernhardt

Michael
    $400 26
rum

Michael
    $400 11
Sid Caesar

Debra
    $400 6
the Bay of Pigs

Debra
    $400 9
the Marquis de Sade

Peter
    $1,000 2
amphibians

Debra
    $400 18
Ida Lupino

Peter
    $600 28
(Michael: Who is Bluebeard?)

Blackbeard

MichaelDebra
    $600 13
Airport (or Wheels)

Peter
    $600 7
Lake Titicaca

Debra
    $600 10
Butch Cassidy & the Sundance Kid

Peter
    $600 1
4

Triple Stumper
    $600 19
Henrik Ibsen

Peter
    $800 14
Booth Tarkington

Triple Stumper
    $800 8
(Debra: What is the Caspian Sea?)

the Black Sea

PeterDebra
    $800 23
(Alex: That's right, and we have a minute to go.)

Caligula

Michael
    $800 3
(Michael: What is the pulp?)

cellulose

MichaelPeter
    $800 20
Lillie Langtry

Peter
    $1000 29
(Michael: What is Philadelphia[?--recording unintelligible]?)
(Debra: What is Jamestown?)
(Peter: What is, um... hm... what is...)
[The end-of-round signal sounds.]

Boston

MichaelPeterDebra
Triple Stumper
    $1000 27
Louis Nizer

Peter
    $1000 16
the Strait of Dover

Triple Stumper
    $1000 24
the St. Valentine's Day Massacre

Peter
    $1000 4
hemoglobin

Peter
    $1000 21
Tallulah Bankhead

Debra

Scores at the end of the Double Jeopardy! Round:

Michael Peter Debra
$1,400 $10,800 $3,200
(lock game)

[wagering suggestions for these scores]

Final Jeopardy! Round responses

EARLY MAN
MichaelWhat is iron?
$1,400
DebraWhat is Bronze? Iron
$300
PeterWhat is bronze
$2,000
copper

Final scores:

Michael Peter Debra
$0 $8,800 $2,900
3rd place: Rainbow Enchanted Castle from Iris Arc Crystal + a Nintendo Entertainment System w/ Family & Junior Editions of Jeopardy! & Wheel of Fortune New champion: $8,800 2nd place: a trip to Miami, Florida + a Caribbean cruise aboard Norwegian Cruise Lines

Game dynamics:

Coryat scores:

Michael Peter Debra
$1,200 $10,800 $2,600
13 R
(including 1 DD),
5 W
26 R
(including 1 DD),
2 W
13 R
(including 1 DD),
3 W

Combined Coryat: $14,600

[game clues] [game scores] [suggest correction]

Game tape date: 1990-07-30
The J! Archive is created by fans, for fans. Scraping, republication, monetization, and malicious use prohibited; this site may use cookies and collect identifying information. See terms. The Jeopardy! game show and all elements thereof, including but not limited to copyright and trademark thereto, are the property of Jeopardy Productions, Inc. and are protected under law. This website is not affiliated with, sponsored by, or operated by Jeopardy Productions, Inc. Join the discussion at JBoard.tv.